Drogentherapie nach den §§ 93a JGG, 35 ff. BtMG: eine Untersuchung zur Normgenese und legislatorischen Sorgfalt
| 1. VerfasserIn: | |
|---|---|
| Medienart: | Druck Buch |
| Sprache: | Deutsch |
| Veröffentlicht: |
Frankfurt am Main [u.a.]
Lang
1986
|
| In: |
Europäische Hochschulschriften (532)
Jahr: 1986 |
| Bestand in Tübingen: | In Tübingen vorhanden. IFK: C XVII 304 |
| Verfügbarkeit prüfen: | HBZ Gateway |
| Subito Bestelldienst: | Jetzt bestellen. |
| Schlagwörter: |
MARC
| LEADER | 00000cam a2200000 c 4500 | ||
|---|---|---|---|
| 001 | 271847387 | ||
| 003 | DE-627 | ||
| 005 | 20260206203307.0 | ||
| 007 | tu | ||
| 008 | 860523s1986 gw ||||| m 00| ||ger c | ||
| 015 | |a 86,N10,0103 |2 dnb | ||
| 015 | |a 86,A30,0299 |2 dnb | ||
| 016 | 7 | |a 860238059 |2 DE-101 | |
| 020 | |z 3820494371 | ||
| 035 | |a (DE-627)271847387 | ||
| 035 | |a (DE-603)004744454 | ||
| 035 | |a (DE-576)010893288 | ||
| 035 | |a (DE-599)GBV271847387 | ||
| 035 | |a (OCoLC)246675817 | ||
| 035 | |a (OCoLC)15318151 | ||
| 040 | |a DE-627 |b ger |c DE-627 |e rakwb | ||
| 041 | |a ger | ||
| 044 | |c XA-DE |c XA-CH |c XD-US | ||
| 050 | 0 | |a KK3498.D78 | |
| 082 | 0 | |a 344.3044463 | |
| 082 | 0 | |a 344.43/04463 | |
| 082 | 0 | |a 344.4304463 | |
| 084 | |a 19 |a 33 |a 14 |a 11 |2 sdnb | ||
| 084 | |a PH 4420 |2 rvk |0 (DE-625)rvk/136135: | ||
| 084 | |a PH 4070 |2 rvk |0 (DE-625)rvk/136109: | ||
| 100 | 1 | |a Schröder, Herbert |4 aut | |
| 245 | 1 | 0 | |a Drogentherapie nach den §§ 93a JGG, 35 ff. BtMG |b eine Untersuchung zur Normgenese und legislatorischen Sorgfalt |
| 246 | 3 | 3 | |a Drogentherapie für Straftäter |
| 264 | 1 | |a Frankfurt am Main [u.a.] |b Lang |c 1986 | |
| 300 | |a XXXIV, 244 S. | ||
| 336 | |a Text |b txt |2 rdacontent | ||
| 337 | |a ohne Hilfsmittel zu benutzen |b n |2 rdamedia | ||
| 338 | |a Band |b nc |2 rdacarrier | ||
| 490 | 1 | |a Europäische Hochschulschriften |a Reihe 2, Rechtswissenschaft = Droit = Law |v 532 | |
| 500 | |a Originally presented as the author's thesis (doctoral)--Universität Trier, WS 1985/86 | ||
| 502 | |a Zugl.: Trier, Univ., Diss., 1985/86 | ||
| 610 | 2 | 7 | |0 (DE-588)4028884-5 |0 (DE-627)10627659X |0 (DE-576)208979964 |a Deutschland |t Jugendgerichtsgesetz |f 1953 |a DNB |2 gnd |
| 610 | 2 | 7 | |0 (DE-588)4122075-4 |0 (DE-627)104248858 |0 (DE-576)209548509 |a Deutschland |t Betäubungsmittelgesetz |a DNB |2 gnd |
| 650 | 0 | |a Drug addicts |x Legal status, laws, etc |x Germany (West) | |
| 650 | 0 | |a Drug addicts |x Rehabilitation |x Germany (West) | |
| 650 | 0 | |a Youth |x Drug use |x Germany (West) | |
| 650 | 0 | 7 | |0 (DE-588)4122122-9 |0 (DE-627)104501057 |0 (DE-576)209548908 |a Drogentherapie |2 gnd |
| 655 | 7 | |a Hochschulschrift |0 (DE-588)4113937-9 |0 (DE-627)105825778 |0 (DE-576)209480580 |2 gnd-content | |
| 689 | 0 | 0 | |d u |0 (DE-588)4028884-5 |0 (DE-627)10627659X |0 (DE-576)208979964 |a Deutschland |t Jugendgerichtsgesetz |f 1953 |2 gnd |
| 689 | 0 | 1 | |d s |0 (DE-588)4122122-9 |0 (DE-627)104501057 |0 (DE-576)209548908 |a Drogentherapie |2 gnd |
| 689 | 0 | |5 DE-101 | |
| 689 | 1 | 0 | |d u |0 (DE-588)4122075-4 |0 (DE-627)104248858 |0 (DE-576)209548509 |a Deutschland |t Betäubungsmittelgesetz |2 gnd |
| 689 | 1 | 1 | |d s |0 (DE-588)4122122-9 |0 (DE-627)104501057 |0 (DE-576)209548908 |a Drogentherapie |2 gnd |
| 689 | 1 | |5 DE-101 | |
| 689 | 2 | 0 | |d g |0 (DE-588)4011889-7 |0 (DE-627)104732423 |0 (DE-576)208896201 |a Deutschland |g Bundesrepublik |2 gnd |
| 689 | 2 | 1 | |d s |0 (DE-588)4058881-6 |0 (DE-627)106145592 |0 (DE-576)209128313 |a Täter |2 gnd |
| 689 | 2 | 2 | |d s |0 (DE-588)4122122-9 |0 (DE-627)104501057 |0 (DE-576)209548908 |a Drogentherapie |2 gnd |
| 689 | 2 | 3 | |d s |0 (DE-588)4048737-4 |0 (DE-627)106189719 |0 (DE-576)20907907X |a Recht |2 gnd |
| 689 | 2 | |5 (DE-627) | |
| 689 | 3 | 0 | |d u |0 (DE-588)4122075-4 |0 (DE-627)104248858 |0 (DE-576)209548509 |a Deutschland |t Betäubungsmittelgesetz |2 gnd |
| 689 | 3 | 1 | |d s |0 (DE-588)4122122-9 |0 (DE-627)104501057 |0 (DE-576)209548908 |a Drogentherapie |2 gnd |
| 689 | 3 | |5 (DE-627) | |
| 689 | 4 | 0 | |d s |0 (DE-588)4122122-9 |0 (DE-627)104501057 |0 (DE-576)209548908 |a Drogentherapie |2 gnd |
| 689 | 4 | 1 | |d u |0 (DE-588)4028884-5 |0 (DE-627)10627659X |0 (DE-576)208979964 |a Deutschland |t Jugendgerichtsgesetz |f 1953 |2 gnd |
| 689 | 4 | |5 (DE-627) | |
| 689 | 5 | 0 | |d s |0 (DE-588)4006083-4 |0 (DE-627)106378570 |0 (DE-576)208864296 |a Betäubungsmittelrecht |2 gnd |
| 689 | 5 | 1 | |d s |0 (DE-588)4122122-9 |0 (DE-627)104501057 |0 (DE-576)209548908 |a Drogentherapie |2 gnd |
| 689 | 5 | |5 (DE-627) | |
| 689 | 6 | 0 | |d s |0 (DE-588)4028907-2 |0 (DE-627)106276530 |0 (DE-576)208980032 |a Jugendlicher Täter |2 gnd |
| 689 | 6 | 1 | |d s |0 (DE-588)4122122-9 |0 (DE-627)104501057 |0 (DE-576)209548908 |a Drogentherapie |2 gnd |
| 689 | 6 | |5 (DE-627) | |
| 689 | 7 | 0 | |d s |0 (DE-588)4122122-9 |0 (DE-627)104501057 |0 (DE-576)209548908 |a Drogentherapie |2 gnd |
| 689 | 7 | |5 (DE-627) | |
| 689 | 8 | 0 | |d u |0 (DE-588)4028884-5 |0 (DE-627)10627659X |0 (DE-576)208979964 |a Deutschland |t Jugendgerichtsgesetz |f 1953 |2 gnd |
| 689 | 8 | 1 | |d s |0 (DE-588)4122122-9 |0 (DE-627)104501057 |0 (DE-576)209548908 |a Drogentherapie |2 gnd |
| 689 | 8 | 2 | |d s |0 (DE-588)4157102-2 |0 (DE-627)105503444 |0 (DE-576)209831820 |a Gesetzgebungslehre |2 gnd |
| 689 | 8 | |5 (DE-627) | |
| 751 | |a Trier |0 (DE-588)4060877-3 |0 (DE-627)106138014 |0 (DE-576)209137053 |4 uvp | ||
| 830 | 0 | |a Europäische Hochschulschriften |n Reihe 2 |p Rechtswissenschaft |v 532 |9 532 |w (DE-627)130134236 |w (DE-576)015671542 |w (DE-600)510544-4 |x 0531-7312 |7 am | |
| 889 | |w (DE-627)02487244X | ||
| 935 | |i mdedup | ||
| 935 | |i Blocktest | ||
| 936 | r | v | |a PH 4420 |b Einzeldarstellungen |k Rechtswissenschaft |k Strafrecht, Strafverfahrensrecht, Kriminologie |k Nebenstrafrecht |k Jugendstrafrecht |k Einzeldarstellungen |0 (DE-627)1272237168 |0 (DE-625)rvk/136135: |0 (DE-576)202237168 |
| 936 | r | v | |a PH 4070 |b Einzeldarstellungen |k Rechtswissenschaft |k Strafrecht, Strafverfahrensrecht, Kriminologie |k Nebenstrafrecht |k Betäubungsmittelstrafrecht |k Einzeldarstellungen |0 (DE-627)1272129578 |0 (DE-625)rvk/136109: |0 (DE-576)202129578 |
| 936 | s | n | |a p100 |2 mzub |
| 936 | s | n | |a w200 |2 mzub |
| 936 | s | n | |a m200 |2 mzub |
| 936 | s | n | |a c200 |2 mzub |
| 951 | |a BO | ||
| ELC | |b 1 | ||
| LOK | |0 000 xxxxxcx a22 zn 4500 | ||
| LOK | |0 001 3217345126 | ||
| LOK | |0 003 DE-627 | ||
| LOK | |0 004 271847387 | ||
| LOK | |0 005 20141202154410 | ||
| LOK | |0 008 940310||||||||||||||||ger||||||| | ||
| LOK | |0 040 |a DE-21-110 |c DE-627 |d DE-21-110 | ||
| LOK | |0 689 |a s |a Normgenese | ||
| LOK | |0 689 |a s |a Therapie statt Strafe | ||
| LOK | |0 852 |a DE-21-110 | ||
| LOK | |0 852 1 |c C XVII 304 |m p |9 00 | ||
| LOK | |0 935 |a k110 | ||
| LOK | |0 936ln |a 9.7 | ||
| LOK | |0 938 |k p | ||
| LOK | |0 939 |a 10-03-94 |b l01 | ||
| ORI | |a SA-MARC-krimdoka001.raw | ||
| SIG | |a IFK: C XVII 304 | ||
| TIM | |a 100019490523_100019901002 |b 1949-05-23 - 1990-10-02 | ||
